| 000 | 00657nam a2200217 4500 | ||
|---|---|---|---|
| 999 |
_c188988 _d188988 |
||
| 005 | 20220608170404.0 | ||
| 010 | _aENG-133152 | ||
| 020 |
_a978939146141 _c200.00 |
||
| 035 | _aEN-116684 | ||
| 037 | _bDBAD/PUB | ||
| 082 | _a371.90447 | ||
| 100 | _aGovindaraj, S. | ||
| 245 |
_aInstructional Strategies for Handling Students with Dyscalculia/ _cS.Govindaraj, (e.t.al) |
||
| 260 |
_aMadurai _bShanlax Publications _c2019 |
||
| 270 |
_a61, 66 T.P.K. Main Road Vasantha Nagar _bMadurai _e625003 |
||
| 300 |
_a106p. _c22cm(pbk) |
||
| 700 | _aV.Meera | ||
| 700 | _aC.Sandhiya | ||
| 700 | _aP.Prabhu | ||
| 942 |
_2ddc _cEN _h371.90447 _mGOV |
||